Good practice in layng floor screeds (Record no. 102282)

MARC details
000 -LEADER
fixed length control field 00569cam a22002055a 4500
001 - CONTROL NUMBER
control field D7164
008 - FIXED-LENGTH DATA ELEMENTS--GENERAL INFORMATION
fixed length control field 020812s1984 xxk f 000 0 eng d
035 ## - SYSTEM CONTROL NUMBER
System control number (Sirsi) u119291
041 ## - LANGUAGE CODE
Language code of text/sound track or separate title eng
050 ## - LIBRARY OF CONGRESS CALL NUMBER
Classification number 690.16 $2 18
100 1# - MAIN ENTRY--PERSONAL NAME
Personal name Mold, E.
245 00 - TITLE STATEMENT
Title Good practice in layng floor screeds
260 ## - PUBLICATION, DISTRIBUTION, ETC.
Place of publication, distribution, etc. Ascot
Name of publisher, distributor, etc. CIOB
Date of publication, distribution, etc. 1984
300 ## - PHYSICAL DESCRIPTION
Extent 7p.
Dimensions 30cm
350 ## - PRICE (NR) (BK AM CF MU VM SE) [OBSOLETE]
Price 0
490 #0 - SERIES STATEMENT
Series statement CIOB Technical Information Service Site Management
651 #4 - SUBJECT ADDED ENTRY--GEOGRAPHIC NAME
Geographic name United Kingdom
Chronological subdivision
690 ## - LOCAL SUBJECT ADDED ENTRY--TOPICAL TERM (OCLC, RLIN)
Topical term or geographic name as entry element BUILT ENVIRONMENT-BUILDING ELEMENTS-COMPLETE BUILDING ELEMENTS-FLOORS
942 ## - ADDED ENTRY ELEMENTS (KOHA)
Suppress in OPAC 0
Holdings
Withdrawn status Lost status Source of classification or shelving scheme Damaged status Not for loan Home library Current library Shelving location Date acquired Total Checkouts Full call number Barcode Date last seen Copy number Price effective from Koha item type
    Other/Generic Classification Scheme     London London Enquiry desk 12/08/2002   BOXED SET 30030989 06/08/2019 1 06/08/2019 Book